00948 a2200241 4500010001400000020002300014035001300037037001800050082001100068090001500079245010900094260005700203270008600260300003000346500004000376650002900416700002400445700002100469710004000490942002600530999001500556952013500571 aENG-85629 a8175200960c275.00 aEN-69162 bD.B.Act / ven14a613.07 c3304d33041 aAcademics and beyondbtryst with health science educationcedited by Bijayalaxmi Mishra, Rishi Dev Anand aNew DelhibAssociation of Indian Universities,c2006 aAIU House, 16, Comrade Indrajit Gupta Marg (Kotla Marg)bNew DelhicDelhie110062 axxi, 278 p.c23 cm. (Pbk) aIncludes bibliographical references aHealth science education aMishra, Bijayalaxmi aAnand, Rishi Dev aAssociation of Indian Universities, adplcENk613.07 / ACA c3240d3240 00102ddc40718NFICaDBADbDBADeDBAD/PUBg275.00l0o613.07 ACApEN-69162r2008-09-15 00:00:00t1u3448v275.00w2008-09-15yEN